000 00405nam a2200121Ia 4500
008 220615s9999||||xx |||||||||||||| ||und||
245 0 _aClinical Management of Complicated Urinary Tract Infection
546 _aEnglish[eng]
650 _aInfectious & contagious diseases
700 _aNikibakhsh, Ahmad
856 _uhttps://mts.intechopen.com/storage/books/370/authors_book/authors_book.pdf
942 _cEB
999 _c13075
_d13075